000 00448nam a2200181Ia 4500
001 8303
005 20260306160559.0
008 260306t2020||||xx |||||||||||||| ||spa||
041 _aESP
082 _a370.1523
_bS29L
100 _aSchunk, Dale H.,
_eAUT
245 0 _aLearning theories :
_ban educational perspective
260 _c2020
300 _axiii, 592 páginas :
_c23 cm.
650 _aGEN
654 _aCED
942 _cLIB
_dJUS
_fJUS
_2ddc
_n
999 _c8303
_d8303